| 000 | 01112cam a22003617a 4500 | ||
|---|---|---|---|
| 001 | 15719148 | ||
| 005 | 20140903131407.0 | ||
| 008 | 090430s2010 cau b 001 0 eng | ||
| 010 | _a 2009927728 | ||
| 015 |
_aGBA991462 _2bnb |
||
| 016 | 7 |
_a015371747 _2Uk |
|
| 020 | _a9781847873255 (hbk.) | ||
| 020 | _a1847873251 (hbk.) | ||
| 020 | _a9781847873262 (pbk.) | ||
| 020 | _a184787326X (pbk.) | ||
| 035 | _a(OCoLC)ocn437083487 | ||
| 040 |
_aUKM _cUKM _dYDXCP _dBTCTA _dNLE _dC#P _dDLC |
||
| 042 | _alccopycat | ||
| 050 | 0 | 0 |
_aRT 86.45 _b.K56 2010 |
| 082 | 0 | 4 | _a362.1068 |
| 100 | 1 | _aKinnell, David. | |
| 245 | 1 | 0 |
_aMentoring nursing and healthcare students / _cDavid Kinnell and Phillip [sic] Hughes. |
| 260 |
_aLos Angeles : _bSAGE, _c2010. |
||
| 300 |
_avii, 248 p. ; _c25 cm. |
||
| 521 | _aNUR | ||
| 650 | 0 | _aMentoring in nursing. | |
| 650 | 0 | _aMentoring in medicine. | |
| 700 | 1 | _aHughes, Philip. | |
| 906 |
_a7 _bcbc _ccopycat _d2 _encip _f20 _gy-gencatlg |
||
| 942 |
_2lcc _cBK _kFOR |
||
| 999 |
_c275374 _d275374 |
||